000 00504nam a2200181Ia 4500
005 20250326123629.0
008 250326s9999 xx 000 0 und d
037 _aTextbook
040 _aFMSL
_beng
_cFMSL
041 _aeng
_2eng
084 _aD658(B) K7
_qFMSL
100 _aSackman H
_9735653
245 0 _aComputers, system science, and evolving society
_cSackman H
260 _aNY
_bNY, John Wiley
_c1967
300 _a638p
942 _cTB
_hD658(B) K7
999 _c1270235
_d1270235